MDQL
is popping MORE tags! Check the
thread
!
Quizzes
Events
Quiz Creation
Community
Videos
Private Events
Remove Ads
Sign In
Join for FREE
Feedback
Dark Mode
Quiz Categories
Sports
Geography
Music
Movies
Television
Just For Fun
Miscellaneous
History
Literature
Language
Science
Gaming
Entertainment
Religion
Holiday
For Kids
Quiz Lab
Recent
Popular Today
Quiz Kudos Today
Editor Picks
Curator Picks
Quizzes by...
Day
Popularity
Type
Ratings
Length
Year
Community
Subscriptions
Recent Discussions
Orange Saloon
Badges
Playlists
Quests
Create
Leaderboards
Showdown
Live 5
Trivia Bingo
Activity
Puzzle Library
Sporcle Events
Private Events
Virtual Trivia
Globe League
Become a Host
Pub Owners
SporcleCon
Opinionation
Our Games
Videos
Blog
Mobile Apps
Partnerships
Remove Ads and Go Orange
Feedback
Sports
Athletes
MLB
NBA
NHL
NFL
Soccer
Sports Teams
WWE
NCAA
Football
Premier League
Basketball
Baseball
Hockey
Golf
Tennis
Cricket
Rugby
Auto Racing
Olympics
World Cup
Sports
Athletes
MLB
NBA
NHL
NFL
Soccer
Sports Teams
WWE
NCAA
Football
Premier League
Basketball
Baseball
Hockey
Golf
Tennis
Cricket
Rugby
Auto Racing
Olympics
World Cup
Random Quiz
Search Sporcle
×
Quiz Lab
Quiz Lab
Sports
Baseball
Type in answers that appear in a list
Type in answers that appear in a list
Classic
Best Score? Go Orange.
MLB NL Playoff Lineups (95-99) Stats
Can you name the MLB NL Playoff Lineups (95-99)?
By
jfey5
15m
180 Questions
593 Plays
593 Plays
593 Plays
Comments
Comments
Give Quiz Kudos
Give Quiz Kudos
-
- Ratings
hide this ad
More Info
Replay
Link that replays current quiz
Next Quiz
Link to next quiz in quiz playlist
You Got
0%
They Got
Avg Score
60%
Avg Friend Score
Upgrade to see
Score Distribution
Jump to the score distribution portion of the page
Score
0/180
Timer
15:00
0
Plays Today
Year
Player
% Correct
1999 -
Houston -
Central
Craig Biggio
99.2%
1998 -
Houston -
Central
Craig Biggio
99.2%
1997 -
Houston -
Central
Craig Biggio
99.2%
1999 -
Houston -
Central
Jeff Bagwell
99%
1999 -
Atlanta -
East**
Chipper Jones
99%
1999 -
Atlanta -
East**
Andruw Jones
99%
1998 -
Atlanta -
East*
Chipper Jones
99%
1998 -
Atlanta -
East*
Andruw Jones
99%
1998 -
Houston -
Central
Jeff Bagwell
99%
1997 -
Atlanta -
East*
Chipper Jones
99%
1996 -
Atlanta -
East**
Chipper Jones
99%
1995 -
Atlanta -
East***
Chipper Jones
99%
1997 -
Houston -
Central
Jeff Bagwell
98.8%
1999 -
New York -
Wild Card*
Mike Piazza
96.3%
1996 -
Los Angeles -
Wild Card
Mike Piazza
96.3%
1995 -
Los Angeles -
West
Mike Piazza
96.3%
1999 -
Arizona -
West
Randy Johnson
94.8%
1998 -
Houston -
Central
Randy Johnson
94.8%
1997 -
Florida -
Wild Card***
Charles Johnson
94.8%
1998 -
Chicago -
Wild Card
Lance Johnson
94.6%
1997 -
San Francisco -
West
Brian Johnson
94.6%
1996 -
San Diego -
West
Brian Johnson
94.6%
1999 -
Atlanta -
East**
Greg Maddux
94.1%
1997 -
Atlanta -
East*
Greg Maddux
94.1%
1995 -
Atlanta -
East***
Greg Maddux
94.1%
1997 -
San Francisco -
West
Barry Bonds
91.2%
1999 -
Arizona -
West
Luis Gonzalez
91.1%
1997 -
Houston -
Central
Luis Gonzalez
91.1%
1998 -
Atlanta -
East*
Javy Lopez
89%
1996 -
Atlanta -
East**
Javy Lopez
89%
1997 -
Florida -
Wild Card***
Gary Sheffield
88%
1999 -
Houston -
Central
Ken Caminiti
87.5%
1998 -
San Diego -
West**
Ken Caminiti
87.5%
1996 -
San Diego -
West
Ken Caminiti
87.5%
1999 -
Atlanta -
East**
Gerald Williams
87.2%
1999 -
Arizona -
West
Matt Williams
87.2%
1998 -
Chicago -
Wild Card
Sammy Sosa
87.2%
1998 -
Atlanta -
East*
John Smoltz
86.8%
1996 -
Atlanta -
East**
John Smoltz
86.8%
1998 -
Atlanta -
East*
Andres Galarraga
86.5%
1995 -
Colorado -
Wild Card
Andres Galarraga
86.5%
1995 -
Colorado -
Wild Card
Larry Walker
86.3%
1998 -
San Diego -
West**
Tony Gwynn
86%
1996 -
San Diego -
West
Tony Gwynn
86%
1995 -
Colorado -
Wild Card
Dante Bichette
83.6%
1995 -
Cincinnati -
Central*
Barry Larkin
83.1%
1997 -
San Francisco -
West
Jeff Kent
82.3%
1999 -
Arizona -
West
Jay Bell
82.1%
1998 -
Houston -
Central
Derek Bell
82.1%
1997 -
Houston -
Central
Derek Bell
82.1%
1998 -
Chicago -
Wild Card
Mark Grace
82%
1997 -
Atlanta -
East*
Fred McGriff
81.8%
1996 -
Atlanta -
East**
Fred McGriff
81.8%
1995 -
Atlanta -
East***
Fred McGriff
81.8%
1998 -
San Diego -
West**
Kevin Brown
80.4%
1997 -
Florida -
Wild Card***
Kevin Brown
80.4%
1995 -
Colorado -
Wild Card
Vinny Castilla
79.3%
1997 -
Florida -
Wild Card***
Edgar Renteria
78.8%
1998 -
Houston -
Central
Moises Alou
78.4%
1997 -
Florida -
Wild Card***
Moises Alou
78.4%
Year
Player
% Correct
1995 -
Atlanta -
East***
David Justice
75.9%
1999 -
Atlanta -
East**
Ryan Klesko
74.9%
1998 -
Atlanta -
East*
Ryan Klesko
74.9%
1997 -
Atlanta -
East*
Ryan Klesko
74.9%
1996 -
Atlanta -
East**
Ryan Klesko
74.9%
1995 -
Atlanta -
East***
Ryan Klesko
74.9%
1996 -
Los Angeles -
Wild Card
Eric Karros
74.4%
1995 -
Los Angeles -
West
Eric Karros
74.4%
1997 -
Atlanta -
East*
Kenny Lofton
74.2%
1997 -
Atlanta -
East*
Jeff Blauser
73.2%
1996 -
Atlanta -
East**
Jeff Blauser
73.2%
1995 -
Atlanta -
East***
Jeff Blauser
73.2%
1999 -
Arizona -
West
Steve Finley
72.5%
1998 -
San Diego -
West**
Steve Finley
72.5%
1996 -
San Diego -
West
Steve Finley
72.5%
1999 -
New York -
Wild Card*
Robin Ventura
71.3%
1998 -
Houston -
Central
Brad Ausmus
70.8%
1996 -
Atlanta -
East**
Marquis Grissom
70.5%
1995 -
Atlanta -
East***
Marquis Grissom
70.5%
1996 -
Atlanta -
East**
Mark Lemke
69.6%
1995 -
Atlanta -
East***
Mark Lemke
69.6%
1998 -
San Diego -
West**
Greg Vaughn
68%
1995 -
Cincinnati -
Central*
Reggie Sanders
67.1%
1999 -
Atlanta -
East**
Eddie Perez
66.9%
1997 -
Atlanta -
East*
Eddie Perez
66.9%
1997 -
Florida -
Wild Card***
Bobby Bonilla
66.8%
1999 -
New York -
Wild Card*
Edgardo Alfonzo
66.3%
1997 -
Florida -
Wild Card***
Craig Counsell
66.3%
1999 -
Atlanta -
East**
Jose Hernandez
65.6%
1998 -
Chicago -
Wild Card
Jose Hernandez
65.6%
1998 -
San Diego -
West**
Carlos Hernandez
65.6%
1999 -
New York -
Wild Card*
John Olerud
65.1%
1995 -
Colorado -
Wild Card
Eric Young
65.1%
1997 -
Florida -
Wild Card***
Devon White
64.6%
1996 -
St. Louis -
Central*
Ron Gant
64.2%
1995 -
Cincinnati -
Central*
Ron Gant
64.2%
1995 -
Colorado -
Wild Card
Ellis Burks
63.9%
1998 -
Chicago -
Wild Card
Henry Rodriguez
63.4%
1997 -
Florida -
Wild Card***
Jeff Conine
63.2%
1998 -
Atlanta -
East*
Walt Weiss
63.1%
1995 -
Colorado -
Wild Card
Walt Weiss
63.1%
1997 -
Houston -
Central
Richard Hidalgo
62.6%
1996 -
Los Angeles -
Wild Card
Raul Mondesi
62.6%
1995 -
Los Angeles -
West
Raul Mondesi
62.6%
1999 -
Atlanta -
East**
Brian Jordan
61%
1996 -
St. Louis -
Central*
Brian Jordan
61%
1999 -
New York -
Wild Card*
Rey Ordonez
60.7%
1997 -
San Francisco -
West
JT Snow
59.9%
1999 -
Arizona -
West
Tony Womack
59.4%
1996 -
Los Angeles -
Wild Card
Ramon Martinez
56.3%
1995 -
Los Angeles -
West
Ramon Martinez
56.3%
1999 -
New York -
Wild Card*
Rickey Henderson
55.3%
1998 -
Chicago -
Wild Card
Mark Clark
55.3%
1996 -
San Diego -
West
Rickey Henderson
55.3%
1999 -
Houston -
Central
Shane Reynolds
50.8%
1995 -
Cincinnati -
Central*
Hal Morris
50.4%
1999 -
Atlanta -
East**
Bret Boone
48.7%
1995 -
Cincinnati -
Central*
Bret Boone
48.7%
1999 -
New York -
Wild Card*
Benny Agbayani
48.4%
1996 -
Los Angeles -
Wild Card
Todd Hollandsworth
45.4%
Year
Player
% Correct
1998 -
San Diego -
West**
Quilvio Veras
45%
1995 -
Los Angeles -
West
Brett Butler
44.2%
1997 -
Houston -
Central
Darryl Kile
43.2%
1996 -
San Diego -
West
Wally Joyner
42.2%
1999 -
Houston -
Central
Carl Everett
41.7%
1998 -
Houston -
Central
Carl Everett
41.7%
1995 -
Cincinnati -
Central*
Benito Santiago
41.5%
1995 -
Colorado -
Wild Card
Joe Girardi
41%
1996 -
Atlanta -
East**
Jermaine Dye
38.4%
1998 -
Chicago -
Wild Card
Gary Gaetti
37.4%
1996 -
St. Louis -
Central*
Gary Gaetti
37.4%
1996 -
St. Louis -
Central*
Royce Clayton
35.9%
1996 -
Los Angeles -
Wild Card
Delino DeShields
33.6%
1995 -
Los Angeles -
West
Delino DeShields
33.6%
1997 -
San Francisco -
West
Darryl Hamilton
33.4%
1996 -
San Diego -
West
Jody Reed
33.4%
1996 -
San Diego -
West
Joey Hamilton
33.4%
1996 -
St. Louis -
Central*
Willie McGee
32.9%
1999 -
New York -
Wild Card*
Shawon Dunston
31.7%
1998 -
Chicago -
Wild Card
Mickey Morandini
30.5%
1998 -
San Diego -
West**
Chris Gomez
30.2%
1996 -
San Diego -
West
Chris Gomez
30.2%
1997 -
San Francisco -
West
Bill Mueller
29.5%
1998 -
Atlanta -
East*
Michael Tucker
29.3%
1997 -
Atlanta -
East*
Michael Tucker
29.3%
1998 -
Atlanta -
East*
Keith Lockhart
29%
1997 -
Atlanta -
East*
Keith Lockhart
29%
1996 -
St. Louis -
Central*
Tom Pagnozzi
28.8%
1998 -
San Diego -
West**
Jim Leyritz
24.8%
1999 -
Houston -
Central
Tony Eusebio
24.6%
1997 -
Houston -
Central
Tony Eusebio
24.6%
1996 -
Los Angeles -
Wild Card
Tim Wallach
23.9%
1995 -
Los Angeles -
West
Tim Wallach
23.9%
1999 -
Houston -
Central
Rickey Gutierrez
23.3%
1998 -
Houston -
Central
Ricky Gutierrez
23.3%
1997 -
Houston -
Central
Ricky Gutierrez
23.3%
1999 -
Arizona -
West
Erubiel Durazo
22.9%
1997 -
San Francisco -
West
Kirk Rueter
22.1%
1995 -
Atlanta -
East***
Charlie O'Brien
21.9%
1995 -
Los Angeles -
West
Roberto Kelly
21.1%
1995 -
Colorado -
Wild Card
Kevin Ritz
18.9%
1997 -
San Francisco -
West
Jose Vizcaino
18.7%
1996 -
St. Louis -
Central*
John Mabry
18.5%
1999 -
Houston -
Central
Bill Spiers
17.2%
1998 -
Houston -
Central
Bill Spiers
17.2%
1997 -
Houston -
Central
Bill Spiers
17.2%
1999 -
Arizona -
West
Kelly Stinnett
16.7%
1999 -
Houston -
Central
Daryle Ward
16.4%
1999 -
New York -
Wild Card*
Masato Yoshii
16.4%
1996 -
St. Louis -
Central*
Todd Stottlemyre
15.9%
1996 -
Los Angeles -
Wild Card
Greg Gagne
15.3%
1996 -
St. Louis -
Central*
Luis Alicea
15%
1995 -
Cincinnati -
Central*
Pete Schourek
14.8%
1995 -
Cincinnati -
Central*
Thomas Howard
13%
1997 -
San Francisco -
West
Stan Javier
12.5%
1998 -
Chicago -
Wild Card
Tyler Houston
12.3%
1995 -
Los Angeles -
West
Chad Fonville
8.6%
1995 -
Cincinnati -
Central*
Jeff Branson
8.1%
1999 -
Arizona -
West
Hanley Frias
7.3%
1996 -
Los Angeles -
Wild Card
Wayne Kirby
6.6%
Quiz Playlist
Details
Report
Send in Message
Add To Playlist
More Info:
* denotes playoff series won Lineups are from Game 1 of the playoffs
Classic:
Type in answers that appear in a list
Last Updated: Feb 16, 2017
Quiz Scoreboard
CHALLENGE
Sign Up to Join the Scoreboard
Show All
Scores
Hide
Comments
May contain spoilers
Recently Published
Colored Red Africa Blitz
by spor1
Geography
30s
Find the 'City' Movie
by crazypaving
Movies
60s
5x2 Blitz: Bands
by SL_Kpop136
Music
30s
More to Explore
Quiz From the Vault
Featured Blog Post
14 Easter Pick-up Lines to Find Eggs With
hide this ad
You Might Also Like...
Tags
Baseball Quiz
Football Quiz
MLB Quiz
NL Playoff
Player
Playoff
Today's Top Quizzes in Sports
Browse Sports
hide this ad
Today's Top Quizzes in Baseball
Browse Baseball
Top Contributed Quizzes in Sports
1
Les entraîneurs de l'OM et du PSG au 21e siècle
2
Les meilleurs buteurs des matchs entre le PSG et l’OM
3
Les joueurs passés par le PSG et l'OM
4
Players with Multiple 50 Home Run Seasons
5
2022 World Cup Stars
6
Criteria MLB: Left Handed Sluggers
7
NBA Logic Puzzle 2.0
8
MLB Players with Two .350 Batting Average Seasons
9
Top 10 NHL Goal Scorers of All Time
10
Les joueurs passés par le LOSC et le RC Lens
Explore More
Trending Topics
Anime
Kpop
Disney
Crossword
NBA
Marvel
Harry Potter
WWE
Pokémon
Country
Soccer
NFL
The Office
Puzzle
Song
hide this ad
More By:
jfey5
Quiz
Plays
Rating
Category
Featured
Created
NBA MVP Voting (2000s)
260,841
4.56
Sports
Dec 10, 2009
Top 5 NBA Playoff Scorers, '90s-'10s
213,460
4.59
Sports
Mar 19, 2011
NBA All-Star Starters
23,333
4.53
Sports
Nov 27, 2009
Last 5 NBA 20 PPG Scorers by Team
13,839
4.04
Sports
May 9, 2010
All-NBA Teams 2000-present
9,475
3.92
Sports
Nov 26, 2009
Go to Creator's Profile
Score Distribution
Quiz Creator Spotlight
jfey5
Follow
Send a Message
Quizzes Created
-
Created Quiz Play Count
-
More By This Creator
Popular Quizzes Today
1
Colored Red Africa Blitz
2
Find the 'City' Movie
3
5x2 Blitz: Bands
4
Find the US States - No Outlines Minefield
5
The Countries of the World
6
Find the US States
7
US States
8
Find the Countries of Europe - No Outlines Minefield
More Sports Quizzes
Letter Grid Blitz: Golf
Published
Trending Quizzes
Colored Red Europe Blitz I
Colored Red Europe Blitz II
Colored Red Africa Blitz II
Colored Red Europe Blitz III
Colored Red Africa Blitz III
Recently Updated
How Do You Spell That?
pecheneg
Godzilla Movies
pecheneg
Grab Bag: 4-10 Letters
pecheneg
2024 March Madness Bracket
pecheneg
Famous TV Couples
Peacemaker
Champions League XIs: Real Madrid
pecheneg
Largest US Cities 1790-2010
pecheneg
Rides in Walt Disney World
pecheneg
Most Oscar Losses (Acting)
pecheneg
Beyoncé Albums
pecheneg
Trending Topics
Kpop
NBA
Disney
Harry Potter
Marvel
Crossword
Anime
NFL
Country
The Office
Puzzle
WWE
Soccer
Song
Pokémon
Your Account Isn't Verified!
In order to create a playlist on Sporcle, you need to verify the email address you used during registration. Go to your
Sporcle Settings
to finish the process.
Report this User
Report this user for behavior that violates our
Community Guidelines
.
Details:
Send Report
Go to the Sporcle.com Mobile Site →
Comments